[Event "Reykjavik Taflfelag op"]
[Site "Reykjavik"]
[Date "2018.10.17"]
[Round "1"]
[White "Jonsson, Kristjan Dagur"]
[Black "Eliasson, Kristjan Orn"]
[Result "0-1"]
[WhiteElo "1365"]
[BlackElo "1818"]
[PlyCount "122"]
[EventDate "2018.10.17"]
[EventType "swiss"]
[EventRounds "7"]
[EventCountry "ISL"]
[SourceTitle "CBM 187 Extra"]
[Source "ChessBase"]
[SourceDate "2018.11.04"]
[SourceVersion "1"]
[SourceVersionDate "2018.11.04"]
[SourceQuality "1"]

1. c4 Nf6 2. Nc3 g6 3. g3 Bg7 4. Bg2 0-0 5. e3 e5 6. Nge2 Nc6 7. 0-0 d6 8. d4 Re8 9. a3 Bg4 10. h3 Bd7 11. b4 Rb8 12. d5 Ne7 13. e4 h6 14. Be3 b6 15. Qd2 Kh7 16. g4 Neg8 17. Ng3 Rf8 18. f3 Ne8 19. f4 exf4 20. Rxf4 Qh4 21. Rf3 Be5 22. Kh2 Bxg4 23. Rf4 Bxf4 24. Bxf4 Ng7 25. e5 Rbd8 26. exd6 cxd6 27. Nce4 Ne8 28. Ng5+ Kg7 29. Qd4+ Nef6 30. Nf3 Bxf3 31. Bxf3 Kh7 32. Rg1 Rfe8 33. Ne2 Rd7 34. Nc3 Rde7 35. Qd2 Rd7 36. Nb5 Ne4 37. Bxe4 Rxe4 38. Bg3 Qe7 39. Qc1 Re2+ 40. Rg2 Nf6 41. Qf4 Rxg2+ 42. Kxg2 Qe4+ 43. Kf2 Qxf4+ 44. Bxf4 Ne4+ 45. Kf3 f5 46. h4 g5 47. hxg5 hxg5 48. Bc1 Kg6 49. Nd4 Rh7 50. Ne6 Rh3+ 51. Kg2 Rc3 52. Nf8+ Kh5 53. Bxg5 Kxg5 54. Ne6+ Kg4 55. c5 Rc2+ 56. Kf1 bxc5 57. bxc5 Nxc5 58. Nd4 Rb2 59. Ke1 f4 60. Ne6 Nxe6 61. dxe6 Rb5 0-1

[Event "Reykjavik TR CC Opinn"]
[Site "Reykjavik"]
[Date "2018.09.19"]
[Round "4.6"]
[White "Jonsson, Kristjan Dagur"]
[Black "Skarphedinsson, Ingvar Wu"]
[Result "1-0"]
[WhiteElo "1267"]
[BlackElo "1080"]
[PlyCount "47"]
[EventDate "2018.09.09"]
[EventType "swiss"]
[EventRounds "7"]
[EventCountry "ISL"]
[SourceTitle "EXT 2024"]
[Source "ChessBase"]
[SourceDate "2023.10.10"]
[SourceVersion "1"]
[SourceVersionDate "2023.10.10"]
[SourceQuality "1"]

1. e4 e5 2. Nf3 Nc6 3. Bc4 Bc5 4. c3 Nf6 5. d3 h6 6. h3 0-0 7. Nbd2 Na5 8. Nxe5 c6 9. Bxf7+ Rxf7 10. Nxf7 Kxf7 11. b4 Qb6 12. bxc5 Qxc5 13. Bb2 d6 14. 0-0 Qg5 15. f4 Qg6 16. Qf3 b5 17. e5 Ne8 18. f5 Qg5 19. Ne4 Qe7 20. Qh5+ Kg8 21. f6 Qd7 22. f7+ Kh7 23. Ng5+ Kh8 24. f8Q# 1-0

[Event "Reykjavik Bikarsyrpa mot 3"]
[Site "Reykjavik"]
[Date "2017.10.28"]
[Round "3.1"]
[White "Briem, Benedikt"]
[Black "Jonsson, Kristjan Dagur"]
[Result "1/2-1/2"]
[WhiteElo "1435"]
[BlackElo "1291"]
[PlyCount "42"]
[EventDate "2017.10.27"]
[EventType "swiss"]
[EventRounds "7"]
[EventCountry "ISL"]
[SourceTitle "EXT 2024"]
[Source "ChessBase"]
[SourceDate "2023.10.10"]
[SourceVersion "1"]
[SourceVersionDate "2023.10.10"]
[SourceQuality "1"]

1. g4 g6 2. Bg2 Bg7 3. h3 e6 4. c4 Ne7 5. Nc3 0-0 6. e3 d5 7. cxd5 exd5 8. d4 c5 9. dxc5 Bxc3+ 10. bxc3 Be6 11. Bb2 Qa5 12. Ne2 Qxc5 13. 0-0 Nbc6 14. Nd4 Nxd4 15. Qxd4 Qxd4 16. cxd4 Rac8 17. Ba3 Rfe8 18. Rab1 Rc3 19. Bxe7 Rxe7 20. Rfc1 Ra3 21. Rb2 Rd7 1/2-1/2

[Event "Reykjavik Taflfelag op"]
[Site "Reykjavik"]
[Date "2017.09.17"]
[Round "6"]
[White "Hauksson, Hordur Aron"]
[Black "Jonsson, Kristjan Dagur"]
[Result "0-1"]
[WhiteElo "1859"]
[BlackElo "1271"]
[PlyCount "74"]
[EventDate "2017.09.06"]
[EventType "swiss"]
[EventRounds "9"]
[EventCountry "ISL"]
[SourceTitle "CBM 180 Extra"]
[Source "ChessBase"]
[SourceDate "2017.10.06"]
[SourceVersion "1"]
[SourceVersionDate "2017.10.06"]
[SourceQuality "1"]

1. d4 Nf6 2. Nf3 g6 3. g3 d6 4. Bg2 Bg7 5. 0-0 0-0 6. Nc3 Nbd7 7. e4 e5 8. Be3 b6 9. h3 exd4 10. Nxd4 Bb7 11. e5 Bxg2 12. exf6 Bxf1 13. fxg7 Kxg7 14. Qxf1 Ne5 15. f4 c5 16. fxe5 cxd4 17. Bxd4 dxe5 18. Bxe5+ f6 19. Rd1 Qe7 20. Bd4 Rad8 21. Qf2 Kg8 22. Kh2 f5 23. Ne2 Qe4 24. Nc3 Qe6 25. Re1 Qd7 26. Ne2 Rde8 27. c3 Qe6 28. a4 Rf7 29. Kg1 Rfe7 30. b4 Qc4 31. Qf3 Rxe2 32. Rxe2 Qxe2 33. Qd5+ Qe6 34. Qb7 Qe7 35. Qd5+ Kf8 36. a5 Qe1+ 37. Kg2 Re2+ 0-1

[Event "Reykjavik Taflfelag op"]
[Site "Reykjavik"]
[Date "2017.09.15"]
[Round "5"]
[White "Jonsson, Kristjan Dagur"]
[Black "Sigurdarson, Sveinn"]
[Result "1/2-1/2"]
[WhiteElo "1271"]
[BlackElo "1252"]
[PlyCount "88"]
[EventDate "2017.09.06"]
[EventType "swiss"]
[EventRounds "9"]
[EventCountry "ISL"]
[SourceTitle "CBM 180 Extra"]
[Source "ChessBase"]
[SourceDate "2017.10.06"]
[SourceVersion "1"]
[SourceVersionDate "2017.10.06"]
[SourceQuality "1"]

1. d4 Nf6 2. Nf3 d5 3. Bg5 e6 4. Nbd2 Nc6 5. e4 h6 6. Bxf6 Qxf6 7. e5 Qd8 8. Bb5 Bd7 9. 0-0 a6 10. Bd3 Nb4 11. Be2 c5 12. a3 Nc6 13. dxc5 Bxc5 14. b4 Bb6 15. c4 Bc7 16. Qb3 dxc4 17. Nxc4 0-0 18. Rfd1 b5 19. Nd6 Qb8 20. Qc3 Rd8 21. Rac1 Ra7 22. Nh4 g5 23. Qg3 Nxe5 24. Qxe5 gxh4 25. Qf4 Be8 26. Qg4+ Kf8 27. Ne4 Bxh2+ 28. Kh1 f5 29. Qxh4 Rxd1+ 30. Rxd1 Bf4 31. g3 fxe4 32. gxf4 Rh7 33. Qf6+ Rf7 34. Qxh6+ Ke7 35. Qg5+ Kf8 36. Qc5+ Re7 37. Qd6 Qa7 38. Qd4 Qxd4 39. Rxd4 Rf7 40. f3 Rxf4 41. Rxe4 Rxe4 42. fxe4 Bc6 43. Bd3 Kf7 44. Kg2 Kf6 1/2-1/2